000 00999nam a2200277 a 4500
003 MX-MxUPN
005 20220617134239.0
008 220602t1980 cu a||||r|||| 000 0 spa d
040 _aMX-MxUPN
_bspa
_cMX-MxUPN
041 0 _aspa
050 1 4 _aLB1651 C99
_bP47
100 1 _aPérez Cendón, Manuel
_944667
100 1 _aSantos Palma, Edith Miriam
_944669
100 1 _aFernández Meneses, Migdalia
_944670
100 1 _aColado González, Hugo
_944671
100 1 _aBreto González, Renato
_944672
100 1 _aSilvestre Oramas, Margarita
_943860
100 1 _aRojas Fernández, Julia
_944673
100 1 _aCabrera Santos, Anastasio
_944674
245 1 0 _aAnatomía, fisiología e higiene del hombre :
_bnoveno grado
260 _aCiudad de La Habana :
_bEditorial Pueblo y Educación,
_c©1980.
300 _a237 páginas :
_bilustraciones.
650 4 _aAnatomía humana
_xEstudio y enseñanza (Secundaria)
_9578
650 4 _aAnatomía humana
_vLibros de texto
_944666
942 _2lcc
_cLIBRO
999 _c208517
_d208517